Normal view
MARC view
- Brito Soto, Luis F.
Entry Nombre Personal
001 - NUMERO DE CONTROL
- campo de control: 34627
003 - IDENTIFICADOR DE NUMERO DE CONTROL
- campo de control: DLC
005 - FECHA Y HORA DE LA ÜLTIMA TRANSACCIÓN
- campo de control: 20230516133946.0
008 - DATOS DE LONGITUD FIJA
- campo de control de longitud fija: 230516n| acannaabn |a aaa c
010 ## - NÚMERO DE CONTROL DE LA BIBLIOTECA DEL CONGRESO
- Número de control LC: no2007156045
035 ## - NUMERO DE CONTROL
- Número de control: (OCoLC)oca07611485
040 ## - FUENTE DE CATALOGACIÓN
- Agencia original de catalogación: TNJ
- Lenguaje de catalogación: spa
- Agencia de transcripción: TNJ
- Agencia que lo modifica: MX-MxUPN
100 1# - ENCABEZAMIENTO - NOMBRE PERSONAL
- Nombre personal: Brito Soto, Luis F.
400 1# - VEÁSE - NOMBRE DE PERSONA
- Personal name: Soto, Luis F. Brito
400 1# - VEÁSE - NOMBRE DE PERSONA
- Personal name: Brito Soto, Luis Felipe
400 1# - VEÁSE - NOMBRE DE PERSONA
- Personal name: Soto, Luis Felipe Brito
670 ## - FUENTE EN LA QUE SE LOCALIZARON DATOS
- Cita de la fuente: Didáctica diferencial de la educación física, c1991:
- Información localizada: portada (Luis F. Brito Soto) página 4 de la cubierta (professor of physical education since 1974)
670 ## - FUENTE EN LA QUE SE LOCALIZARON DATOS
- Cita de la fuente: En la obra: Fichero de actividades, educación física, Segundo ciclo, 2002:
- Información localizada: reverso de la portada (Luis Felipe Brito Soto)
902 ## - CATALOGADOR
- Catalogador: NDAF/160523
